| 000 | 01785 a2200253 4500 | ||
|---|---|---|---|
| 020 | _a1599957043 | ||
| 020 | _a9781599957043 | ||
| 040 |
_aDLC _bDLC |
||
| 082 | 0 | 0 | _a646.700973 |
| 100 | 1 | _aHuckabee, Mike, | |
| 245 | 1 | 0 |
_aFrom hope to higher ground: 12 stops to restoring America's greatness _b12 stops to restoring America's greatness _cMike Huckabee |
| 250 | _a1st ed. | ||
| 260 |
_aNew York : _bCenter Street, _c2007. |
||
| 300 |
_ax, 196 p. ; _c24 cm. |
||
| 500 | _a"Governor Mike Huckabee of Arkansas presents a vision for what America can become with the right kind of leadership, a clear direction, and a people who are willing to believe that the World War II generation doesn't have to be the last "greatest generation.""--Provided by the publisher. | ||
| 505 | 0 | _aHope is where it starts -- 12 stops to restoring America's greatness -- Stop being cynical -- Stop thinking horizontally -- Stop cheating our children -- Stop the culture of chronic disease -- Stop abusing our planet -- Stop the revenge-based justice system -- Stop robbing the taxpayers -- Stop the heat and turn on the light (cool heads for hot issues) -- Stop the loss of America's prestige -- Stop moving the landmarks of liberty -- Stop the loss of good jobs and the erosion of agriculture -- Stop being a selfish citizen. | |
| 650 | 0 | _aConduct of life. | |
| 650 | 0 |
_aLife skills _zUnited States. |
|
| 651 | 0 |
_aUnited States _xSocial conditions _y21st century. |
|
| 856 | 4 | 1 |
_3Table of contents only _uhttp://www.loc.gov/catdir/toc/ecip0618/2006024374.html |
| 856 | 4 | 1 |
_3Publisher description _uhttp://www.loc.gov/catdir/enhancements/fy0660/2006024374-d.html |
| 856 | 4 | 1 |
_3Contributor biographical information _uhttp://www.loc.gov/catdir/enhancements/fy0742/2006024374-b.html |
| 942 |
_cBK _k973 HUC _2ddc |
||
| 999 |
_c4138 _d4138 |
||